KEY concepts in drugs and society
Guardat en:
| Autor principal: | |
|---|---|
| Format: | Llibre |
| Idioma: | anglès |
| Publicat: |
SAGE
2013
|
| Etiquetes: |
Afegir etiqueta
Sense etiquetes, Sigues el primer a etiquetar aquest registre!
|
MARC
| LEADER | 00000nam a22000007a 4500 | ||
|---|---|---|---|
| 008 | 210121b ||||| |||| 00| 0 eng d | ||
| 020 | |a 978-1-84787-485-6 | ||
| 100 | |a Coomber, Ross...[et al] | ||
| 245 | |a KEY concepts in drugs and society |c Ross Coomber… [et al.] |g x,197p | ||
| 260 | |b SAGE |c 2013 |h Los Angeles |i 693287 |i 693288 |l HV5801 .K52 |m Psychotropic drugs – Social aspects |m Drug abuse | ||
| 500 | |a “It includes bibliographical references and index”. | ||
| 942 | |a lcc |c BK |e O.A.JOHNSON |f 22/01/21 | ||
| 952 | |0 0 |1 0 |2 lcc |4 0 |6 HV5801 K52 |7 0 |9 1330 |a PL |b HOL |c GJ |d 2021-01-21 |l 0 |o HV5801 .K52 |p 2021-0142 |r 2021-01-21 00:00:00 |w 2021-01-21 |y BK | ||
| 952 | |0 0 |1 0 |2 lcc |4 0 |6 HV5801 K52 |7 0 |9 1331 |a PL |b HOL |c GJ |d 2021-01-21 |l 0 |o HV5801 .K52 |p 2021-0143 |r 2021-01-21 00:00:00 |w 2021-01-21 |y BK | ||
| 999 | |c 690 |d 690 | ||